00318nam a2200121Ia 45000010005000000080041000050820033000461000034000792450022001132600019001359010027001549990015001812380241024s9999 xx 000 0 und d aRD/370.97293/R426m/2004-2011 aRepública Dominicana.MINERD 0aMemoria 2004-2011 b3c printc2012 a20/8/2012 1:22:47 p.m. c9033d9033